Understanding social statistics /

This is a practical introduction to statistics as a means of revealing patterns in human behaviour. It takes the fear out of the use of statistics in social research and avoids unnecessary use of mathematical concepts and techniques.

Bibliographic Details
Main Author: Fielding, Jane L.
Other Authors: Gilbert, G. Nigel
Format: eBook
Language:English
Published: London : SAGE, 2006.
Edition:2nd ed.
Subjects:
Online Access:Connect to the full text of this electronic book

MARC

Tag First Indicator Second Indicator Subfields
LEADER 00000cam a2200000 a 4500
001 in00003723607
005 20190412184944.0
006 m|||||o||d||||||||
007 cr |||||||||||
008 111116s2006 enka fo 001|0|eng d
020 |a 9781446249406 (ebook) :  |c No price 
035 |a (StDuBDS)EDZ0000050703 
040 |a StDuBDS  |b eng  |c StDuBDS  |e pn  |d UtOrBLW 
050 4 |a HA29 
082 0 4 |a 300.15195  |2 23 
100 1 |a Fielding, Jane L.  |0 http://id.loc.gov/authorities/names/n85265795 
245 1 0 |a Understanding social statistics /  |c Jane Fielding and Nigel Gilbert. 
250 |a 2nd ed. 
264 1 |a London :  |b SAGE,  |c 2006. 
300 |a 1 online resource (viii, 351 pages) :  |b illustrations. 
336 |a text  |b txt  |2 rdacontent 
337 |a computer  |b c  |2 rdamedia 
338 |a online resource  |b cr  |2 rdacarrier 
500 |a Previous edition: 2000. 
520 8 |a This is a practical introduction to statistics as a means of revealing patterns in human behaviour. It takes the fear out of the use of statistics in social research and avoids unnecessary use of mathematical concepts and techniques. 
588 |a Description based on print version record. 
504 |a Includes bibliographical references and index. 
500 |a Electronic resource. 
650 0 |a Social sciences  |x Statistical methods.  |0 http://id.loc.gov/authorities/subjects/sh85124018 
655 7 |a Electronic books.  |2 local 
700 1 |a Gilbert, G. Nigel.  |0 http://id.loc.gov/authorities/names/n81073303 
776 1 8 |i Print version :  |z 9781412910545 
856 4 0 |u http://proxy.library.tamu.edu/login?url=http://methods.sagepub.com/book/understanding-social-statistics  |z Connect to the full text of this electronic book  |t 0 
999 f f |s 7e6433ee-2afe-3b60-bdc6-0ccd5b40ca23  |i 8969d32e-28df-36a5-94f7-bdb42652a9ba  |t 0 
952 f f |a Texas A&M University  |b College Station  |c Electronic Resources  |d Available Online  |t 0  |e HA29  |h Library of Congress classification 
998 f f |a HA29  |t 0  |l Available Online